000 00949nam a2200277 a 4500
001 71115
003 BD-RjUL
005 20211209082059.0
008 170426s1956 gw b 001 0 eng d
035 _a(BD-RjUL)71330
040 _aDLC
_cOYU
_dOCoLC
_dDLC
_beng
041 _aeng
082 _223
_a510
_bSUS 1956
100 1 _aSuzuki, Michio.
_9210404
245 1 0 _aStructure of a group and the structure of its lattice of subgroups /
_cMichio Suzuki
260 _aBerlin :
_bSpringer-Verlag,
_cc1956.
300 _a96 p. ;
_c23 cm.
504 _aIncludes bibliographical references (p. 92-94) and indexes.
650 0 _aMathematics.
_9210406
650 0 _aGroup theory.
_9210407
650 0 _aLattice theory.
_9210408
830 _aErgebnisse der Mathematik und ihrer Grenzgebiete ;
_vN.F., Heft 10.
_9210409
942 _2ddc
_cBK
999 _c71115
_d71115